The new perfume handbook /

Chi tiết về thư mục
Tác giả chính: Groom, N. St. J.
Định dạng: Sách
Ngôn ngữ:English
Được phát hành: London ; New York : Blackie Academic & Professional, 1997.
Phiên bản:Second edition.
Những chủ đề:
Classic Catalogue: View this record in Classic Catalogue
LEADER 01346nam a2200301 a 4500
001 115622
003 BD-DhAAL
008 090729s1997 enka b 000 0 eng d
010 |a \\\97070333  
020 |a 0751404039 
020 |a 9780751404036 
040 |a DLC  |c DLC  |d DLC  |d BD-DhAAL 
082 0 0 |a 668.54  |2 22 
100 1 |a Groom, N. St. J.  |9 59540 
245 1 4 |a The new perfume handbook /  |c Nigel Groom. 
246 3 |a Perfume handbook 
250 |a Second edition. 
260 |a London ;  |a New York :  |b Blackie Academic & Professional,  |c 1997. 
300 |a x, 435 pages :  |b illustrations ;  |c 24 cm. 
500 |a Previous ed. published as The perfume handbook. London: Chapman & Hall, 1992. 
504 |a Includes bibliographical references (p. [433]-435). 
526 |x Mustak Ibn Ayub Department of Mathematics and Natural Sciences Course name and no. "not available" 
541 1 |e 00018878 
650 0 |a Perfumes  |v Handbooks, manuals, etc.  |9 59541 
852 4 |a Ayesha Abed Library  |j General shelf 
942 |2 ddc  |c BK 
999 |c 3774  |d 3774 
952 |0 0  |1 0  |2 ddc  |4 0  |6 668_540000000000000_GRO_1997  |7 0  |9 3427  |a BRACUL  |b BRACUL  |c GEN  |d 2009-09-03  |e Parash Publishers  |g 7660.00  |l 0  |o 668.54 GRO  |p 3010018878  |r 2009-09-03  |t 1  |v 15320.00  |w 2009-09-03  |y BK  |x Requisitioned by Mustak Ibn Ayub, Department of Mathematics and Natural Sciences, Course name and no. "not available"